| 000 | 00437nam a22001697a 4500 | ||
|---|---|---|---|
| 005 | 20250506103633.0 | ||
| 008 | 250506b |||||||| |||| 00| 0 eng d | ||
| 020 | _a978-0-323-79374-2 | ||
| 082 | _a611 R3 | ||
| 100 | _aFrank H Netter MD | ||
| 245 | _aNetter Atlas of Human Anatomy Classic Regional Approach | ||
| 250 | _a8th | ||
| 260 |
_bElsevier _c2023 |
||
| 650 |
_vphysiotherapy _xHuman Anatomy |
||
| 942 | _cBK | ||
| 999 |
_c248902 _d248902 |
||